000 01044nam a22002537a 4500
003 NALT
005 20251125233042.0
008 s2551 th tha d
020 _a9789740597445
040 _aNALT
041 _atha
050 _aHF 5386
_bท234ห 2551
100 0 _aทศ คณนาพร.
_946886
245 1 0 _aหนทางสู่ความมั่งคั่ง /
_cทศ คณนาพร
260 _aกรุงเทพฯ :
_bแฮปปี้บุ๊ค,
_c2551
300 _a182 หน้า :
_bภาพประกอบ ;
_c21 ซม.
600 0 4 _940540
_aธนินทร์ เจียรวนนท์
650 4 _aความมั่งคั่ง
_93781
650 4 _aความสำเร็จทางธุรกิจ
_96209
850 _aNALT
856 4 0 _uhttps://hdl.handle.net/20.500.14156/448713
_71
942 _cGB
_2lcc
998 _bภัลลิกา บุษมงคล
_c103
_j1020
_k นางจำเรียง ระวังสำโรง
999 _c57928
_d57928